000 01720cam a2200469 a 4500
001 1090220
003 OSt
005 20140310181623.0
008 920410r1992 nyu 000 1 eng
010 _a 92050215
020 _a0679600191 (recycled, acidfree paper) :
_c$19.00 ($24.00 Can.)
040 _aDLC
_cDLC
_dDLC
_dOCoLC
_dDLC
043 _ae-uk-en
050 0 0 _aPR 4662
_b.El42 1992
082 0 0 _aCLA El4m
_b1992
100 1 _aEliot, George,
_d1819-1880.
_92809
245 1 0 _aMiddlemarch /
_cGeorge Eliot.
250 _aModern Library ed.
300 _avi, 795 p. ;
_c22 cm.
490 0 _a[A Modern library giant]
490 0 _a[The Modern library of the world's best books]
521 _aBasic ed. students
541 _j3
541 _j2
541 _j1
541 _j4
562 _e3
650 0 _aCity and town life
_vFiction.
_92810
650 0 _aMarried people
_vFiction.
_92811
650 0 _aYoung women
_vFiction.
_92812
651 0 _aEngland
_vFiction.
_92813
655 7 _aDomestic fiction.
_2lcsh
_92796
655 7 _aDidactic fiction.
_2gsafd
_92797
655 7 _aBildungsromans.
_2gsafd
_92798
655 7 _aLove stories.
_2gsafd
_92799
856 4 1 _3Sample text
_uhttp://www.loc.gov/catdir/samples/random044/92050215.html
856 4 2 _3Publisher description
_uhttp://www.loc.gov/catdir/description/random0412/92050215.html
856 4 2 _3Contributor biographical information
_uhttp://www.loc.gov/catdir/enhancements/fy0803/92050215-b.html
906 _a7
_bcbc
_corignew
_d1
_eocip
_f19
_gy-gencatlg
942 _2lcc
_cBBK
_kCLA
999 _c213
_d213